00746nam a22002292 450000100060000000300080000600500170001400800410003103500510007204000420012304100080016505500190017308200240019210000310021624500710024726000440031830000560036249000260041850400200044465100260046483000260049023375BD-RjUL20211209000925.0140310s1951 enka 001 0 eng d a(BD-RjUL)23440aOCLC ocm00908798 from D970501M aSTUcSTUdNLCdUKMdEQOdBD-RjULbeng aeng00aF5505bS4 195100a971.4220bBES 19511 aBeston, Henry,d1888-1968.14aThe St. Lawrence /cby Henry Beston, illustrated by A. Y. Jackson. aLondon :bWilliam Hodge and Co.,c1951. aix, [3] β., 3-272 p. ;billus. (incl. map)c22 cm.0 aThe Rivers of America aIncludes index. 0aSaint Lawrence River. aThe Rivers of America